Calas y catas en El Quijote : (Record no. 192711)
[ view plain ]
| 000 -LEADER | |
|---|---|
| campo de control de longitud fija | 01213nam a2200337 i 4500 |
| 001 - NÚMERO DE CONTROL | |
| campo de control | 192711 |
| 003 - IDENTIFICADOR DE NÚMERO DE CONTROL | |
| campo de control | SpMaBN |
| 005 - FECHA Y HORA DE LA ÚLTIMA TRANSACCIÓN | |
| campo de control | 20240229063330.0 |
| 007 - CAMPO FIJO DE DESCRIPCIÓN FÍSICA--INFORMACIÓN GENERAL | |
| campo de control de longitud fija | ta |
| 008 - DATOS DE LONGITUD FIJA--INFORMACIÓN GENERAL | |
| campo de control de longitud fija | 230512s2021 sp | |||| 000 0 spa |
| 017 ## - NÚMERO DE COPYRIGHT O DE DEPÓSITO LEGAL | |
| Número de copyright o de depósito legal | M 10033-2021 |
| Agencia que asigna | Oficina Depósito Legal Madrid |
| 020 ## - NÚMERO INTERNACIONAL ESTÁNDAR DEL LIBRO | |
| Número Internacional Estándar del Libro | 9788409296514 |
| 040 ## - FUENTE DE CATALOGACIÓN | |
| Centro catalogador/agencia de origen | SpMaBN |
| Lengua de catalogación | spa |
| Centro/agencia transcriptor | ES-MaACL |
| Normas de descripción | rda |
| 080 ## - NÚMERO DE LA CLASIFICACIÓN DECIMAL UNIVERSAL | |
| Número de la Clasificación Decimal Universal | 821.134.2 Cervantes Saavedra, Miguel de 7 Quijote.07 |
| 100 1# - ENTRADA PRINCIPAL--NOMBRE DE PERSONA | |
| Nombre de persona | Corcés, Valentín |
| Término indicativo de función/relación | Autor |
| 9 (RLIN) | 40481 |
| 245 10 - MENCIÓN DEL TÍTULO | |
| Título | Calas y catas en El Quijote : |
| Resto del título | psicoanálisis y psicopatología en el texto cervantino / |
| Mención de responsabilidad, etc. | Valentín Corcés Pando |
| 264 #1 - PRODUCCIÓN, PUBLICACIÓN, DISTRIBUCIÓN, FABRICACIÓN Y COPYRIGHT | |
| Producción, publicación, distribución, fabricación y copyright | Madrid : |
| Nombre del de productor, editor, distribuidor, fabricante | Fundación Canis Majoris, |
| Fecha de producción, publicación, distribución, fabricación o copyright | [2021] |
| 300 ## - DESCRIPCIÓN FÍSICA | |
| Extensión | 461 páginas ; |
| Dimensiones | 20 cm |
| 336 ## - TIPO DE CONTENIDO | |
| Término de tipo de contenido | Texto |
| Fuente | rdacontent |
| 337 ## - TIPO DE MEDIO | |
| Nombre/término del tipo de medio | sin mediación |
| Fuente | rdamedia |
| 338 ## - TIPO DE SOPORTE | |
| Nombre/término del tipo de soporte | volumen |
| Fuente | rdacarrier |
| 490 1# - MENCIÓN DE SERIE | |
| Mención de serie | Majoris Canis |
| 500 ## - NOTA GENERAL | |
| Nota general | Índice |
| 504 ## - NOTA DE BIBLIOGRAFÍA, ETC. | |
| Nota de bibliografía, etc. | Bibliografía: páginas 445-461 |
| 600 14 - PUNTO DE ACCESO ADICIONAL DE MATERIA--NOMBRE DE PERSONA | |
| Nombre de persona | Cervantes Saavedra, Miguel de, |
| Fechas asociadas al nombre | 1547-1616. |
| Título de la obra | Don Quijote de la Mancha |
| 9 (RLIN) | 37612 |
| 830 ## - PUNTO DE ACCESO ADICIONAL DE SERIE-TÍTULO UNIFORME | |
| Título uniforme | Majoris Canis |
| 9 (RLIN) | 193622 |
| 852 ## - LOCALIZACIÓN | |
| Ubicación | ES-MaACL |
| Sublocalización o colección | R.153108 |
| Ubicación en estantería | Depósito J |
| Donativo/Legado | Donación: Editorial |
| Número de control de estantería | N-8345 |
| itemnumber | 200009 |
| 942 ## - ELEMENTOS DE ENTRADA SECUNDARIOS (KOHA) | |
| Suprimir en OPAC | No |
| Tipo de ítem Koha | Libro impreso |
| Estatus retirado | Estado de pérdida | Fuente del sistema de clasificación o colocación | Estado de daño | No para préstamo | Biblioteca de origen | Biblioteca actual | Ubicación en estantería | Fecha de adquisición | Fuente de adquisición | Total de préstamos | Signatura topográfica completa | Código de barras | Visto por última vez | Tipo de ítem Koha |
|---|---|---|---|---|---|---|---|---|---|---|---|---|---|---|
| Clasificación decimal universal | Biblioteca del Ateneo de Madrid | Biblioteca del Ateneo de Madrid | Depósito J | 10/06/2021 | Donación | N-8345 | 101205302 | 12/05/2023 | Libro impreso |
